书目信息 |
| 题名: |
信息处理技术
|
|
| 作者: | 李大友 主编 ;刘志峰 , 孟祥志 编著 | |
| 分册: | 下册 | |
| 出版信息: | 北京 电子工业出版社 2005.9 |
|
| 页数: | XX,376页 | |
| 开本: | 26cm | |
| 丛书名: | 全国计算机技术与软件专业技术资格(水平)考试参考丛书 | |
| 单 册: | ||
| 中图分类: | G202 | |
| 科图分类: | ||
| 主题词: | 信息处理--xin xi chu li--考核--自学参考资料 | |
| 电子资源: | ||
| ISBN: | 7-121-01708-3 | |
| 000 | 01453nam0 2200337 450 | |
| 000 | 01473nam0 2200337 450 | |
| 000 | 01436nam0 2200325 450 | |
| 000 | 01391nam0 2200313 450 | |
| 000 | 01380nam0 2200313 450 | |
| 000 | 01343nam0 2200301 45 | |
| 001 | 012005000794 | |
| 005 | 20051214090441.54 | |
| 010 | @a7-121-01708-3@dCNY29.50(下册) | |
| 100 | @a20051108d2005 em y0chiy0121 ea | |
| 101 | 0 | @achi |
| 102 | @aCN@b110000 | |
| 105 | @ay z 000yy | |
| 200 | 1 | @a信息处理技术@Axin xi chu li ji shu@e信息处理技术员级@h下册@e2004版新大纲@f李大友主编@g刘志峰,孟祥志编著 |
| 210 | @a北京@c电子工业出版社@d2005.9 | |
| 215 | @aXX,376页@d26cm | |
| 225 | 2 | @a全国计算机技术与软件专业技术资格(水平)考试参考丛书@Aquan guo ji suan ji ji shu yu ruan jian zhuan ye ji shu zi ge ( shui ping ) kao shi can kao cong shu@i高职系列 |
| 304 | @a全国计算机技术与软件专业技术资格(水平)考试办公室组编 | |
| 330 | @a本书介绍信息社会的技术与产业、计算机基础知识、初等数学基础知识;软件基础知识、硬件基础知识、操作系统、数据库基本理论、网络等基础理论、信息安全与信息处理的基本知识;基本办公软件知识。 | |
| 462 | 0 | @12001 @a全国计算机技术与软件专业技术资格(水平)考试参考丛书@i高职系列 |
| 606 | 0 | @a信息处理@Axin xi chu li@x考核@j自学参考资料 |
| 690 | @aG202@v4 | |
| 701 | 0 | @a李大友@Ali da you@4主编 |
| 702 | 0 | @a刘志峰@Aliu zhi feng@4编著 |
| 702 | 0 | @a孟祥志@Ameng xiang zhi@4编著 |
| 801 | 0 | @aCN@bSRXX@c20051214 |
| 905 | @a10447@dG202@eL140:2 | |
| 信息处理技术:信息处理技术员级.下册:2004版新大纲/李大友主编/刘志峰,孟祥志编著.-北京:电子工业出版社,2005.9 |
| XX,376页;26cm.-(全国计算机技术与软件专业技术资格(水平)考试参考丛书.高职系列) |
| ISBN 7-121-01708-3:CNY29.50(下册) |
| 本书介绍信息社会的技术与产业、计算机基础知识、初等数学基础知识;软件基础知识、硬件基础知识、操作系统、数据库基本理论、网络等基础理论、信息安全与信息处理的基本知识;基本办公软件知识。 |
| ● |
| 相关链接 |
|
|
|
正题名:信息处理技术
索取号:G202/L140:2
 
预约/预借
| 序号 | 登录号 | 条形码 | 馆藏地/架位号 | 状态 | 备注 |
| 1 | 547260 | 205472601 | 社科库409/409社科库 56排7列1层/ [索取号:G202/L140:2] | 在馆 | |
| 2 | 547261 | 205472610 | 社科二线422/422社科库 17排1列6层/ [索取号:G202/L140:2] | 在馆 | |
| 3 | 547262 | 205472629 | 社科二线422/422社科库 16排2列4层/ [索取号:G202/L140:2] | 在馆 |